Languages of Europe by population - Statistics

General Stats
  • This quiz has been taken 143 times
  • The average score is 21 of 25
Answer Stats
Hint Answer % Correct
106,000,000 Russian
100%
66,000,000 French
99%
60,000,000 English
98%
97,000,000 German
98%
65,000,000 Italian
97%
38,000,000 Spanish
97%
11,000,000 Greek
96%
9,100,000 Swedish
96%
38,500,000 Polish
95%
22,000,000 Dutch
94%
9,000,000 Serbian
94%
24,000,000 Romanian
91%
10,000,000 Portuguese
90%
5,600,000 Croatian
88%
32,600,000 Ukrainian
88%
7,800,000 Bulgarian
87%
10,600,000 Czech
87%
13,000,000 Hungarian
86%
5,200,000 Slovak
86%
5,500,000 Danish
84%
12,000,000 Turkish
84%
5,400,000 Finnish
82%
5,400,000 Albanian
67%
14,000,000 Austro-Bavarian
10%
5,700,000 Neapolitan
7%
No matching quizzes found
Score Distribution
Percent of People with Each Score
Percentile by Number Answered
Your Score History
You have not taken this quiz